LEADER 01146nam a2200205 i 4500 001 000000224736 003 CaOOAMICUS 005 20131111000000.0 008 131111s1838 it u000 u lat u 013 $a203634 040 $aSeMil$bita 245 10$aTomus 123. 300 $a602 p. 773 0 $aAugustinus, Aurelius $tSancti Augustini Hipponensis episcopi opera omnia multis sermonibus ineditis aucta et locupletata.$b[dal 1842] Editio nova / accurantibus D. A. B. Caillau ... nonnullisque cleri gallicani presbyteris.$dParisiis : Apud Paul Mellier, 1836.$g16$w()10069 773 0 $aGuillon, Marie Nicolas Sylvestre <1760-1847>$tCollectio selecta SS. Ecclesiae Patrum, complectens exquisitissima opera tum dogmatica et moralia, tum apologetica et oratoria; accurantibus D. Caillau ... una cum D.M.N.S. Guillon ..$dParisiis : Apud Méquignon-Havard, 1829-1840 (Parisiis : Typis Decourchant)$g123$w()28977 850 $aSeMil 852 $aSeMil$W1$xVenegono$y1$m2S II 123 FA$j175082$B175082$CSeMilBibl$Z2$F185054 $8I 941 1 $a10 961 $aRecupero: Mantegazza 996 $6245$aTomus 123$9(OLS)http://semarc/title/322051 LEADER 01375nam a2200337 i 4500 001 000000077044 003 CaOOAMICUS 005 20251118112959.0 008 011005s1999 it u000 u ita u 013 $a48216 020 $a88-7094-341-0 040 $aSeMil$bita 100 1 $aPizzorni, Reginaldo M.,$c.$0(OLS)http://semarc/name/17665 245 10$aDiritto naturale e diritto positivo in S. Tommaso d'Aquino /$cReginaldo Pizzorni. 250 $a3. ed. 260 $aBologna :$bStudio Domenicano,$ccopyr. 1999. 300 $a431 p. ;$c21 cm. 490 0 $aCivis ;$v15 600 04$aTommaso : d'Aquino .$0(OLS)http://semarc/subject/115 650 4$aDiritto naturale.$0(OLS)http://semarc/subject/788 650 4$aDiritto positivo.$0(OLS)http://semarc/subject/15714 830 0$aCivis ;$v15.$0(OLS)http://semarc/title/8946 850 $aSeMil 852 $aSeMil$W1$xVenegono$y1$m2H II 103$j43196$B43196$CSeMilBibl$Z2$F44437 $81 900 1 $aPizzorni, Reginaldo. 961 $aAcquisto: Mescat 996 $6020$a88-7094-341-0$9(OLS)http://semarc/number/58421 996 $6245$aDiritto naturale e diritto positivo in S. Tommaso d'Aquino$9(OLS)http://semarc/title/125027 996 $6260$aBologna :$bStudio Domenicano$9(OLS)http://semarc/publisher/31641